[Event "Manresa op 31st"]
[Site "Manresa"]
[Date "2014.10.04"]
[Round "3"]
[White "Mendez Egea, Antoni"]
[Black "Burniol Coch, Angel"]
[Result "1-0"]
[WhiteElo "1928"]
[BlackElo "1811"]
[PlyCount "49"]
[EventDate "2014.09.20"]
[EventType "swiss"]
[EventRounds "8"]
[EventCountry "ESP"]
[SourceTitle "EXT 2016"]
[Source "ChessBase"]
[SourceDate "2015.10.08"]
[SourceVersion "1"]
[SourceVersionDate "2015.10.08"]
[SourceQuality "1"]

1. b3 Nf6 2. Bb2 d6 3. e3 e5 4. d4 exd4 5. exd4 d5 6. Bb5+ c6 7. Bd3 Be6 8. Nf3 Nbd7 9. Nbd2 Be7 10. 0-0 Qc7 11. Re1 0-0 12. Ne5 Nxe5 13. dxe5 Nd7 14. f4 Qb6+ 15. Kh1 Nc5 16. Bd4 Qa5 17. Bxc5 Qxc5 18. f5 Bc8 19. f6 Bxf6 20. exf6 d4 21. Qf3 Be6 22. Qg3 g6 23. Re5 Qd6 24. Qg5 Kh8 25. Ne4 1-0